| 000 | 02738cam a22005054i 4500 | ||
|---|---|---|---|
| 001 | u26126 | ||
| 003 | PE-LiUPU | ||
| 005 | 20250731175628.0 | ||
| 008 | 150623s2000 mx a ri 000 0 spa d | ||
| 020 | _a9706860061 | ||
| 035 | _a(Sirsi) i9789706860064 | ||
| 040 |
_aPE-LiUPU _bspa _cPE-LiUPU _erda |
||
| 049 | _aPRUA | ||
| 082 | 0 | 4 |
_a468.2 _bS21 _221 |
| 100 | 1 |
_aSánchez Pérez, Arsenio, _eautor. |
|
| 245 | 1 | 0 |
_aRedacción avanzada / _cArsenio Sánchez Pérez. |
| 264 | 1 |
_aMéxico, DF : _bInternational Thomson Editores, _c2000. |
|
| 300 |
_a560 páginas : _bilustraciones fotos, gráficos cuadros ; _c25 centímetros |
||
| 336 |
_atext _2rdacontent |
||
| 337 |
_aunmediated _2rdamedia |
||
| 338 |
_avolume _2rdacarrier |
||
| 505 | 0 | _aEl proceso de la comunicación -- Lenguaje, lengua y habla -- La lengua oral -- Técnicas de expresión oral -- La lectura y la escritura -- La biblioteca, fuente de información -- La redacción -- El texto escrito -- La precisión y la elegancia del lenguaje escrito -- El diálogo escrito -- La narración escrita -- La descripción escrita -- La exposición escrita -- La argumentación escrita -- Los textos científicos -- Los textos periodísticos -- Los textos literarios -- Textos personales, formales y publicitarios. | |
| 526 | _aP145 | ||
| 526 | _aP127 | ||
| 526 | _aP97 | ||
| 526 | _aP35 | ||
| 526 | _aP14 | ||
| 526 | _aP07 | ||
| 596 | _a1 2 | ||
| 650 | 0 | 4 |
_aEspañol _xRedacción y ejercicios. |
| 650 | 0 | 4 |
_aRedacción _xEstudio y enseñanza. |
| 650 | 0 | 4 | _aTextos periodísticos. |
| 910 | _cigq | ||
| 942 |
_2ddc _cBOOK |
||
| 994 |
_aC0 _bPEPRU |
||
| 949 |
_a468.12 S21 _wDEWEY _c1 _iFT00546 _lCCODEBUT1 _mBUT _p20.00 _r0 _sY _tBOOK _u2016-2-4 _xBIBLIOTECA _zAG _0COMPRA _o.STAFF. Colección General |
||
| 949 |
_a468.2 S21 _wDEWEY _c1 _i51404 _f2018-2-8 _g2 _lCCODEBUL1 _mBUL _p31.00 _r0 _sY _tBOOK _u2015-6-24 _xEDUCACION _zUNKNOWN _0COMPRA _o.STAFF. Colección General |
||
| 949 |
_a468.2 S21 _wDEWEY _c2 _i55275 _f2018-2-8 _g2 _lCCODEBUL1 _mBUL _p31.00 _r0 _sY _tBOOK _u2015-6-24 _xEDUCACION _zUNKNOWN _0COMPRA _o.STAFF. Colección General |
||
| 999 |
_a468.2 S21 _wDEWEY _c33124 _i51404 _f2019-12-10 _g4 _lDISCARD _mBUL _p31.00 _r1 _sN _tBOOK _u2015-6-24 _xEDUCACION _zUNKNOWN _0COMPRA _o.STAFF. Colección General _d33124 |
||
| 999 |
_a468.2 S21 _wDEWEY _c2 _i55275 _f2021-11-8 _g5 _lCCODEBUL1 _mBUL _p31.00 _r0 _sN _tBOOK _u2015-6-24 _xEDUCACION _zUNKNOWN _0COMPRA _o.STAFF. Colección General |
||
| 999 |
_a468.12 S21 _wDEWEY _c1 _iFT00546 _f2019-2-20 _g1 _lCCODEBUT1 _mBUT _p20.00 _r0 _sY _tBOOK _u2016-2-4 _xBIBLIOTECA _zAG _0COMPRA _o.STAFF. Colección General |
||
| 980 |
_81 _gALBERTO SANCHEZ Responsable de Automatización |
||